Loading...
| Social Science | 0 | 5 | 0 | 1 | 50 | 95 | 115.60 | 3 | 5 | 0.00 | 0.00 |
| Science - Other | 0 | 5 | 0 | 0 | 50 | 80 | 117.00 | 0 | 5 | 0.00 | 0.00 |
| Mythology | 0 | 3 | 0 | 1 | 30 | 127 | 133.00 | 0 | 3 | 0.00 | 0.00 |
| Philosophy | 0 | 3 | 1 | 0 | 25 | 90 | 99.00 | 1 | 3 | 0.00 | 0.00 |
| Religion | 0 | 3 | 1 | 1 | 25 | 95 | 119.67 | 2 | 3 | 0.00 | 0.00 |
| Science - Chemistry | 0 | 2 | 0 | 0 | 20 | 140 | 142.50 | 0 | 2 | 0.00 | 0.00 |
| Other Academic | 0 | 2 | 0 | 2 | 20 | 144 | 150.50 | 0 | 2 | 0.00 | 0.00 |
| History - World | 0 | 1 | 0 | 0 | 10 | 132 | 132.00 | 0 | 1 | 0.00 | 0.00 |
| Fine Arts - Auditory | 0 | 1 | 0 | 0 | 10 | 86 | 86.00 | 1 | 1 | 0.00 | 0.00 |
| Science - Physics | 0 | 1 | 1 | 0 | 5 | 129 | 129.00 | 0 | 1 | 0.00 | 0.00 |
| History - European | 0 | 0 | 0 | 0 | 0 | 0.00 | 0 | 0 | 0.00 | 0.00 | |
| Literature - World | 0 | 0 | 0 | 0 | 0 | 0.00 | 0 | 0 | 0.00 | 0.00 |